000 00820nam a2200241Ia 4500
003 GCL
008 140319s9999 xx 000 0 ara d
040 _aGCL /
_cGCL
082 0 4 _a301.36
_bا س
100 1 _aجرانويتيه، برنار
245 1 0 _a"السكن الحضرى فى العالم الثالث: دراسات اقليمية ""المشكلات والحلول""" /
_cجرانويتيه، برنار
700 1 _aمحمد على بهجت (تقديم)
260 _a[S.N] :
_bمنشاة المعارف الاسلامية ،
_c1987
300 _a508 ص
490 _a
650 0 4 _aالدول النامية
650 0 4 _aالمبانى
650 0 4 _aالبناء
650 0 4 _aالمساكن
650 0 4 _aتخطيط المدن
650 0 4 _aالاحياء السكنية
942 _2ddc
_cBK
999 _c33174
_d33174